000 00510nam a22001817a 4500
005 20251108171940.0
008 250721s2002 xx 000 0 ara d
082 1 4 _a005.133/هان
100 1 _aبني هاني، تحسين
245 1 0 _aالبرمجة بلغة أوراكل /
264 1 _aعمان :
_bدار الصفاء للنشر،
_c2002.
300 _a161ص
650 1 7 _aالبرمجة
650 1 7 _aلغات البرمجة
650 1 7 _aالحواسيب
942 _2ddc
_cBK
999 _c66643
_d66643